| 000 | 01484nam0a22002771 4500 | ||
|---|---|---|---|
| 001 | rc\2676974 | ||
| 005 | 20260407030643.0 | ||
| 035 | _a(NLR Aleph) 006805406 | ||
| 090 |
_a6287339 _c6287339 |
||
| 100 | _a20110915d1932 |||y0rusy50 ca | ||
| 101 | 0 | _arus | |
| 102 | _aRU | ||
| 105 | _aa z ||||| | ||
| 200 | 1 |
_aЗапасные части к тракторным 24-х рядным сеялкам Т-I, T-II, T-III, T-IV, T-V и T-VI завода сельскохозяйственных машин "Красная звезда" (Зиновьевск) _f... НКТП. Укрсельмаш |
|
| 210 |
_aМосква _cНКТП СССР - Науч.-техн. изд-во по машиностроению, металлообработке и черной металлургии _d1932 _gтип. "Красный печатник" |
||
| 215 |
_aОбл., 91 с., включ. тит. л. _cил. _d23х15 см. |
||
| 300 | _aНа обл. загл.: "Запасные части тракторных 24-рядных сеялок Т-I по Т-VI..." | ||
| 512 | 0 | _a"Запасные части тракторных 24-рядных сеялок Т-I по Т-VI..." | |
| 710 | 0 | 2 |
_a"Союзсельмаш", всесоюзное об-ние _9522913 _3RU\NLR\AUTH\8810012543 |
| 712 | 0 | 2 | _a"Красная звезда", завод (Зиновьевск) |
| 801 | 0 |
_aRU _bNLR _gpsbo |
|
| 801 | 1 |
_aRU _bELAR _2rusmarc |
|
| 852 |
_aNLR _j32-11/1176 |
||
| 942 | _cBOOK | ||
| 980 | _aNB | ||